00311pam a2200109 a 4500020000500000041000500005100004700010245007000057250001400127260005200141300000800193 c h aBRADY (Joseph A.)/ MONK (Ellen F.)eauthor aProblem-Solving Cases Using MS Access and ExcelhTextual Document a2nd Rep.  bCengage Learning India Pvt. Ltd New Delhic2010 a244